Vista normal Vista MARC

Entrada Topical Term

Número de registros utilizados en: 2

001 - CONTROL NUMBER

  • control field: 65352

003 - CONTROL NUMBER IDENTIFIER

  • control field: OSt

005 - DATE AND TIME OF LATEST TRANSACTION

  • control field: 20251006221438.0

008 - FIXED-LENGTH DATA ELEMENTS

  • fixed length control field: 251006|| aca||aabn | a|a d

040 ## - CATALOGING SOURCE

  • Original cataloging agency: OSt
  • Transcribing agency: OSt

150 ## - HEADING--TOPICAL TERM

  • Topical term or geographic name entry element: Teoria Del Conocimiento
  • General subdivision: Historia

670 ## - SOURCE DATA FOUND

  • Source citation: Work cat.: (OSt)59369: Watson, Peter, 1943- aut 65350, Convergencias :









Instituto Departamental de Cultura del Meta - Red Departamental de Bibliotecas Públicas del Meta.